|
|
|
|
| LEADER |
00000naa2a2200000 4500 |
| 001 |
635900 |
| 005 |
20241011092108.0 |
| 035 |
|
|
|a (RuTPU)RU\TPU\conf\37757
|
| 035 |
|
|
|a RU\TPU\conf\37747
|
| 090 |
|
|
|a 635900
|
| 100 |
|
|
|a 20230621d2023 k y0rusy50 ca
|
| 101 |
0 |
|
|a rus
|
| 102 |
|
|
|a RU
|
| 105 |
|
|
|a y z 101zy
|
| 135 |
|
|
|a drgn ---uucaa
|
| 181 |
|
0 |
|a i
|
| 182 |
|
0 |
|a b
|
| 200 |
1 |
|
|a Изучение влияния органических солей лития на бактерии Lactobacillus fermentum
|f А. В. Чижова, А. В. Шестакова, Д. С. Пухнярская, А. П. Чернова
|g науч. рук. А. П. Чернова
|
| 203 |
|
|
|a Текст
|c электронный
|
| 225 |
1 |
|
|a Теоретические и прикладные аспекты фармации и биотехнологии
|
| 300 |
|
|
|a Заглавие с титульного экрана
|
| 320 |
|
|
|a [Библиогр.: с. 531 (3 назв.)]
|
| 461 |
|
1 |
|0 (RuTPU)RU\TPU\conf\37590
|t Химия и химическая технология в XXI веке
|o материалы XXIV Международной научно-практической конференции студентов и молодых ученых имени выдающихся химиков Л. П. Кулёва и Н. М. Кижнера, посвященной 85-летию со дня рождения профессора А. В. Кравцова, Томск, 15-19 мая 2023 г.
|o в 2 т.
|f Национальный исследовательский Томский политехнический университет (ТПУ) ; Инженерная школа природных ресурсов ; Инженерная школа новых производственных технологий ; Исследовательская школа химических и биомедицинских технологий ; Инженерная школа ядерных технологий
|d 2023
|
| 463 |
|
1 |
|0 (RuTPU)RU\TPU\conf\37591
|t Т. 1
|v [С. 530-531]
|d 2023
|
| 610 |
1 |
|
|a труды учёных ТПУ
|
| 610 |
1 |
|
|a электронный ресурс
|
| 610 |
1 |
|
|a органические соли
|
| 610 |
1 |
|
|a бактерии
|
| 610 |
1 |
|
|a психоэмоциональное состояние
|
| 610 |
1 |
|
|a соли лития
|
| 610 |
1 |
|
|a лактобактерии
|
| 610 |
1 |
|
|a микробиоты
|
| 701 |
|
1 |
|a Чижова
|b А. В.
|
| 701 |
|
1 |
|a Шестакова
|b А. В.
|
| 701 |
|
1 |
|7 ca
|8 rus
|a Пухнярская
|b Д. С.
|c химик-технолог
|c специалист по интеллектуальной собственности Томского политехнического университета
|f 1999-
|g Дарья Сергеевна
|y Томск
|9 88502
|
| 701 |
|
1 |
|a Чернова
|b А. П.
|c химик
|c доцент Томского политехнического университета, кандидат химических наук
|f 1984-
|g Анна Павловна
|3 (RuTPU)RU\TPU\pers\37879
|9 20570
|
| 702 |
|
1 |
|a Чернова
|b А. П.
|c химик
|c доцент Томского политехнического университета, кандидат химических наук
|f 1984-
|g Анна Павловна
|4 727
|
| 712 |
0 |
2 |
|a Национальный исследовательский Томский политехнический университет
|b Инженерная школа природных ресурсов
|b Отделение химической инженерии
|3 (RuTPU)RU\TPU\col\23513
|
| 801 |
|
2 |
|a RU
|b 63413507
|c 20230731
|g RCR
|
| 856 |
4 |
|
|u http://earchive.tpu.ru/handle/11683/76609
|
| 942 |
|
|
|c BK
|